La Vendée - Le Quiz - Statistiques

Statistiques générales
  • Ce quiz a été pris 403 fois
  • Le résultat moyen est 9 sur 10
Statistiques - réponses
Question Réponse % Correct
Le numéro du département 85
98%
Le nom du célèbre parc à thématique historique situé aux Epesses Le Puy du Fou
98%
Course à la voile se déroulant tous les quatre ans et dont le départ est donné aux Sables d'Olonne Le Vendée Globe
97%
Le Chef-lieu du département La Roche-sur-Yon
94%
Premier club de football vendéen ayant atteint la finale de la Coupe de France en 2018 VHF / Les Herbiers
89%
Haricot blanc sec qui est la spécialité culinaire du département La mogette
86%
Île vendéenne surnommée "île aux mimosas" Île de Noirmoutier
85%
Le fondateur de ce parc Philippe de Villiers
81%
Pain garni au beurre d'ail originaire de Vendée Le préfou
80%
Ecrivain auteur de "Gargantua", ayant vécu plusieurs années à Fontenay-le-Comte François Rabelais
57%
Aucun quiz correspondant
Distribution des résultats
% des personnes avec chaque résultat
Percentile par nombre de réponses
Votre historique - résultats
Vous n’avez pas pris ce quiz